000 01258nam a22003377a 4500
001 T0000013
003 KOHA_MİRAKIL
005 20260207004503.0
007 ta
008 190402b2011 xx |||grm|||#0|||0|tur |
040 _aTR-BiSEU
_btur
_cTR-BiSEU
_erda
041 0 _atur
050 0 0 _aTez
_b13
100 1 _aKurt, Gökhan.
245 1 _a2001 ekonomik krizi sonrasında Türk dış ticaretinin incelenmesi/
_cGökhan Kurt ; Gökhan Kurt; danışman Hüseyin Altay.
264 1 _aBilecik :
_bBilecik Üniversitesi
_c2011
300 _aXVII, 112 sayfa: tablo; 30 cm.+1 CD-ROM
336 _ametin
_btxt
_2rdacontent
337 _aaracısız
_bn
_2rdamedia
338 _acilt
_bnc
_2rdacarrier
500 _aRef. No: 416590
500 _aKaynakça var.
500 _aİngilizce Eser Adı : After the 2001 Turkish foreign trade investigation of economic crisis
502 _aTez (Yüksek Lisans) -- Bilecik Üniversitesi Sosyal Bilimler Enstitüsü İktisat Anabilim Dalı, Bilecik, .
650 0 _aDış ticaret--Türkiye.
_9118813
650 0 _aDış ticart--Mevzuat--Kurumlar.
_9118814
650 0 _aForeign trade--Turkey.
_9118815
650 0 _aForeign trade--Export--Import.
_9118816
856 4 0 _uhttp://acikkaynak.bilecik.edu.tr/xmlui/handle/11552/77
907 _aYüksek Lisans
942 _2lcc
_cTS
999 _c64564
_d64564